000 013700000a22003250004500
003 EG-GICUC
005 20250223031451.0
008 070218s2002 ua h f m 000 0 Eng d
040 _aEG-GICUC
_beng
_cEG-GICUC
041 0 _aEng
049 _aDeposite
097 _aPh.D
099 _aCai01.12.15.Ph.D.2002.Hu.M
100 0 _aHussein Ibrahim Mohamed Metwally
245 1 0 _aMineralogical and chemical characteristics of the preciptates and brines from solar concentration ponds and its industrial applications , lake qarun , emisal - case study. /
_cHussein Ibrahim Mohamed Metwally ; Supervised Ashraf Mahamoud Wali , Mohamed Ali Mandour , Ahmed Elkammar
246 1 5 _aمكافحة الزمير المصاحب لنبات القمح بواسطة بقايا محصول عباد الشمس
260 _aCairo :
_bHussein Ibrahim Mohamed Metwally ,
_c2002
300 _a89p :
_bFacsimiles ;
_c30cm
502 _aThesis (PH.D.) - Cairo University - Faculty Of Science - Department Of Geology
530 _aIssued also as CD
653 4 _aCharacteristics
653 4 _aMineralogical
700 0 _aAhmed Elkammar ,
_eSupervisor
700 0 _aAshraf Mahamoud Wali ,
_eSupervisor
700 0 _aMohamed Ali Mandour ,
_eSupervisor
856 _uhttp://172.23.153.220/th.pdf
905 _aAml
_eCataloger
905 _aEsam
_eRevisor
942 _2ddc
_cTH
999 _c55890
_d55890